Theory of elastic stability (Record no. 3977)
[ view plain ]
| 000 -LEADER | |
|---|---|
| fixed length control field | 00771nac a22002171u 4500 |
| 010 ## - LIBRARY OF CONGRESS CONTROL NUMBER | |
| LC control number | 59008568 |
| 082 00 - DEWEY DECIMAL CLASSIFICATION NUMBER | |
| Classification number | 620.1123 |
| Item number | T585 |
| 090 ## - LOCALLY ASSIGNED LC-TYPE CALL NUMBER (OCLC); LOCAL CALL NUMBER (OCLC) | |
| -- | 3977 |
| -- | 3977 |
| 100 ## - MAIN ENTRY--PERSONAL NAME | |
| Personal name | Timoshenko, Stephen, |
| 245 00 - TITLE STATEMENT | |
| Title | Theory of elastic stability |
| Statement of responsibility, etc | [by] Stephen P. Timoshenko in collaboration with James M. Gere. |
| 250 ## - EDITION STATEMENT | |
| Edition statement | 2nd ed. |
| 260 ## - PUBLICATION, DISTRIBUTION, ETC. (IMPRINT) | |
| Place of publication, distribution, etc | New York, |
| Name of publisher, distributor, etc | McGraw-Hill,1961 |
| Date of publication, distribution, etc | 1961. |
| 300 ## - PHYSICAL DESCRIPTION | |
| Extent | 541 p. |
| Other physical details | illus. |
| Dimensions | 24 cm. |
| 440 #0 - | |
| -- | Engineering societies monographs |
| 504 ## - BIBLIOGRAPHY, ETC. NOTE | |
| Bibliography, etc | Includes bibliography. |
| 650 #0 - SUBJECT ADDED ENTRY--TOPICAL TERM | |
| Topical term or geographic name as entry element | Elasticity. |
| 650 #0 - SUBJECT ADDED ENTRY--TOPICAL TERM | |
| Topical term or geographic name as entry element | Strains and stresses. |
| 740 ## - ADDED ENTRY--UNCONTROLLED RELATED/ANALYTICAL TITLE | |
| Uncontrolled related/analytical title | Elastic stability. |
| 942 ## - ADDED ENTRY ELEMENTS (KOHA) | |
| Item type | Book - Borrowing |
| Call number prefix | 620.1123T585 |
| Withdrawn status | Item status | Damaged status | Not for loan | Home library | Current library | Shelving location | Date acquired | Source of acquisition | Total Checkouts | Full call number | Barcode | Date last seen | Koha item type |
|---|---|---|---|---|---|---|---|---|---|---|---|---|---|
| Central Library | Central Library | First floor | 07/08/2014 | Purchase | 620.1123 TIM | 000005046 | 15/07/2025 | Book - Borrowing |